Normal view MARC view

Entry Nombre personal

Number of records used in: 2

001 - NÚMERO DE CONTROL

  • campo de control: 1100

003 - IDENTIFICADOR DE NÚMERO DE CONTROL

  • campo de control: DLC

005 - FECHA Y HORA DE LA ÚLTIMA TRANSACCIÓN

  • campo de control: 20260423141548.0

008 - ELEMENTOS DE DATO DE LONGITUD-FIJA

  • campo de control de longitud fija: 850315n| azannaabn |a aaa

010 ## - NÚMERO DE CONTROL DE LA BIBLIOTECA DEL CONGRESO

  • Número de control de LC: n 85052999

035 ## - NÚMERO DE CONTROL DEL SISTEMA

  • Número de control de sistema: (OCoLC)oca01288047

040 ## - FUENTE DE CATALOGACIÓN

  • Centro catalogador/agencia de origen: DLC
  • Lengua de catalogación: eng
  • Normas de descripción: rda
  • Centro/agencia transcriptor: DLC
  • Centro/agencia modificador: DLC
  • Centro/agencia modificador: OCoLC
  • Centro/agencia modificador: MoSU
  • Centro/agencia modificador: LNT
  • Centro/agencia modificador: UPB

100 1# - ENCABEZAMIENTO-NOMBRE DE PERSONA

  • Nombre de persona: Pietri, Luce

370 ## - LUGAR ASOCIADO

  • País asociado: France
  • Otro lugar asociado: Paris (France)
  • Fuente del término: naf

372 ## - CAMPO DE ACTIVIDAD

  • Campo de actividad: Gaul
  • Campo de actividad: Church history--Primitive and early church, ca. 30-600
  • Campo de actividad: France--Church history--To 987
  • Fuente del término: lcsh

373 ## - GRUPO ASOCIADO

  • Grupo asociado: Université de Paris IV: Paris-Sorbonne
  • Fuente del término: naf

374 ## - OCUPACIÓN

  • Ocupación: Historians
  • Ocupación: Classicists
  • Ocupación: College teachers
  • Fuente del término: lcsh

375 ## - GÉNERO/SEXO

  • Género: female

377 ## - IDIOMA ASOCIADO

  • Código del idioma: fre

400 1# - TRAZADO DE VÉASE--NOMBRE DE PERSONA

  • Nombre de persona: Pietri, L.
  • Forma completa/desarrollada del nombre: (Luce)

510 2# - TRAZADO DE VÉASE ADEMÁS--NOMBRE DE ENTIDAD CORPORATIVA

  • Subcampo de control: r
  • Información de relación: Employer:
  • Nombre de entidad corporativa o nombre de jurisdicción como elemento de entrada: Université de Paris IV: Paris-Sorbonne

670 ## - FUENTE DE DATOS ENCONTRADOS

  • Cita de la fuente: La ville de Tours du IVe au VIe siècle, 1983:
  • Información encontrada: t.p. (Luce Pietri)

670 ## - FUENTE DE DATOS ENCONTRADOS

  • Cita de la fuente: Le Diocèse de Paris, 1987-:
  • Información encontrada: v. 1, t.p. (L. Pietri) p. 489 (Luce Pietri)

670 ## - FUENTE DE DATOS ENCONTRADOS

  • Cita de la fuente: Eusebius, of Caesarea. Vie de Constantin, 2013:
  • Información encontrada: title page (Luce Pietri, professeur émérite à l'Université de Paris IV Sorbonne) page 4 of cover (Luce Pietri; she is a specialist in the history of Christian Gaul)